Vplyv materiálu a geometrie zváracieho nástroja na vlastnosti zvarových spojov ocele TRIP 700 vyhotovených Trecím zváraním s premiešaním
Saved in:
| Main Author: | |
|---|---|
| Other Authors: | |
| Format: | Manuscript Book |
| Language: | Slovak |
| Published: |
2017
|
| Subjects: | |
| Online Access: | http://is.stuba.sk/zp/portal_zp.pl?podrobnosti=126833 |
| Tags: |
No Tags, Be the first to tag this record!
|
MARC
| LEADER | 00000ntm a22000003a 4500 | ||
|---|---|---|---|
| 001 | stuzp64275 | ||
| 003 | SK-STU | ||
| 005 | 20170624213209.4 | ||
| 007 | ta | ||
| 008 | 150427s2015----xo-----f-mn---000-0-slo-d | ||
| 040 | |a STU |b slo | ||
| 041 | 0 | |a slo | |
| 100 | 1 | |a Britan, Jozef |u 020050 |4 aut |U SjF Strojnícka fakulta |T SjF Ústav technológií a materiálov |X 54936 |U J0050 |Y 803 |7 54936 | |
| 242 | 0 | 1 | |a Influence of tool material and it’s geometry on TRIP 700 steel weld joints made by Friction stir welding |y eng |
| 245 | 1 | 0 | |a Vplyv materiálu a geometrie zváracieho nástroja na vlastnosti zvarových spojov ocele TRIP 700 vyhotovených Trecím zváraním s premiešaním |
| 260 | |c 2017 | ||
| 650 | 4 | |a karbid volfrámu |2 slo | |
| 650 | 4 | |a Trecie zváranie s premiešaním |2 slo | |
| 650 | 4 | |a polykryštalický kubický nitrid bóru |2 slo | |
| 650 | 4 | |a nitrid kremičitý |2 slo | |
| 650 | 4 | |a TRIP ocele |2 slo | |
| 650 | 4 | |a Friction stir welding |2 eng | |
| 650 | 4 | |a silicon nitride |2 eng | |
| 650 | 4 | |a tungsten carbide |2 eng | |
| 650 | 4 | |a polycrystalline cubic boron nitride |2 eng | |
| 650 | 4 | |a TRIP steels |2 eng | |
| 700 | 1 | |a Belanová, Judita |u 020050 |k Z1 |4 ths |U SjF Strojnícka fakulta |T SjF Ústav technológií a materiálov |X 2346 |U J0050 |Y 803 |7 A000002346 | |
| 856 | 4 | |u http://is.stuba.sk/zp/portal_zp.pl?podrobnosti=126833 | |
| 996 | |b 284J045337 |c J* 2807/DDP |l JJSK |s A |a 24 |w stuzp64275_0001 | ||